000 01200nmc a2200433 a 4500
003 AR-BaBNM
005 20251128204819.0
008 016019s1985 ||||||||||||||000 | spa||
020 _a950-43-0364-1
040 _cAR-BaBNM
245 1 0 _aLa Argentina que no fue
_blas fragilidades de la Argentina agroexportadora [1918-1930]
_n1
250 _a1ª ed.
260 _aBuenos Aires
_bEdiciones del Ides
_c1985
300 _a164 p.
490 0 _aEconomía y planificación
_vv. 1
500 _aAnexos en p. 163-166
600 1 4 _aBunge, Alejandro Ernesto
600 1 4 _aCarcano, Miguel Angel
600 1 4 _aPérez Catan, Mauricio
600 0 4 _aVieytes
650 4 _aPOLITICA ECONOMICA
650 4 _aDEMOCRACIA
650 4 _aCOMERCIO
650 4 _aANALISIS HISTORICO
650 4 _aFACTORES DE PRODUCCION
650 4 _aINDUSTRIA
650 4 _aCAMPO
650 4 _aHISTORIA ECONOMICA
650 4 _aCONDICIONES ECONOMICAS
650 4 _aCRISIS ECONOMICA
650 4 _aPROTECCIONISMO
650 4 _aHISTORIA POLITICA
650 4 _aPROTECCIONISMO
651 4 _aReino Unido
651 4 _aArgentina
700 1 _aLlach, Juan José
_ecompilador
942 _cBK
998 _cGLORIA
999 _c8937
_d8937